Responses for show #4653 - Wednesday, November 24, 2004

Ken Jennings game 71.
Ken sets a new second-highest single-day cash winnings record of $55,099.

Contestants

[<< previous game]

Dan Ford, an editor from Arlington, Virginia

Lisa Buckhout, a research associate originally from Niagara Falls, New York

Ken Jennings, a software engineer from Salt Lake City, Utah (whose 70-day cash winnings total $2,355,001)

[next game >>]

Jeopardy! Round responses

ANTHROPOLOGY
HIT TV THEME SONGS
RHYMES WITH FOUR
THE NEW TESTAMENT
THE LIGHTER SIDE OF LIFE
TAKE ME HOME, ALEX
    $200 26
rain

Dan
    $200 16
Jed Clampett

Ken
    $200 6
a boar

Dan
    $200 1
taxes

Ken
    $200 21
Tiger Woods

Dan
    $200 11
Churchill

Ken
    $400 27
skulls

Dan
    $400 17
(Alex: [*]! [*]! Yes!)

"Bad Boys"

Ken
    $400 7
Gore

Ken
    $400 2
Paul

Ken
    $400 22
[Ken gave both listed responses.]

Jacko (Michael Jackson)

Ken
    $400 12
Valentino

Lisa
    $600 28
parchment

Ken
    $600 18
(Alex: Yes, Henry Mancini.)

Peter Gunn

Ken
    $600 8
a score

Ken
    $600 3
Peter

Ken
    $600 23
candy corn

Ken
    $600 13
Mark Twain

Ken
    $4,000 29
(Ken: I'll wager $4,000.)
(Alex: Of course.)
(Ken: ...for you.)
(Alex: For me.)

woodpeckers

Ken
    $800 19
Laverne & Shirley

Ken
    $800 9
restore

Dan
    $800 4
Luke

Ken
    $800 24
an erector set

Ken
    $800 14
Mount Vernon

Ken
    $1000 30
pueblos

Lisa
    $1000 20
John Sebastian

Triple Stumper
    $1000 10
Lahore

Ken
    $1000 5
the Seventh Seal

Ken
    $1000 25
La-Z-Boy

Lisa
    $1000 15
Gracie Mansion

Lisa

Scores at the first commercial break (after clue 15):

Ken Lisa Dan
$6,600 $1,400 $1,000

Scores at the end of the Jeopardy! Round:

Ken Lisa Dan
$15,000 $3,400 $1,800

Double Jeopardy! Round responses

PHILOSOPHY
FILMED IN HAWAII
U.S. "S"ITIES
ASTRONOMY
WHO WAS THE ENGLISH MONARCH WHEN...
NAMES FROM THE GERMAN
    $400 1
Nature

Ken
    $400 6
Raiders of the Lost Ark

Ken
    $400 11
Sacramento

Ken
    $400 16
Mercury

Ken
    $400 21
Elizabeth II

Ken
    $400 30
Walter

Ken
    $800 2
Plato

Ken
    $800 7
Blue Hawaii

Ken
    $800 12
Seattle & Spokane

Ken
    $800 17
Neptune

Ken
    $800 22
(Ken: Ooh. Who was Mary?)

Elizabeth I

Ken
Triple Stumper
    $800 29
Richard

Ken
    $1200 3
sacrifice his son (kill Isaac)

Dan
    $1200 8
King Kong

Ken
    $1200 13
Springfield (Mass.)

Dan
    $1200 18
the Great Red Spot

Ken
    $1200 23
Victoria

Ken
    $13,200 26
(Alex: The other Daily Double. I know, $13,200. Heh heh heh. Maybe not.)
(Ken: Sure, I'll wager $13,200.)
(Alex: Whoa.)
...
(Alex: My gosh. I hope I didn't talk you into that, because if it had gone the other way, you'd be glaring at me right now.)
(Ken: It was a good sales job.)

Frank

Ken
    $1600 4
(Dan: Who is Epicure?)
...
(Alex: Yeah, Dan, did you leave off that last "us"?)
(Dan: I did.)

Epicurus

KenDan
    $1600 9
Throw Momma from the Train

Ken
    $1600 14
St. Louis

Ken
    $1600 19
comets

Ken
    $6,600 24
(Ken: Who is... George IV?)
(Alex: No!!! [Grumbles] [*].)
(Ken: Oh.)
(Alex: [*]. 1815. All right, a little mistake.)

George III

Ken
    $1600 27
Jeffrey

Ken
    $2000 5
David Hume

Triple Stumper
    $2000 10
Donovan's Reef

Ken
    $2000 15
Sitka

Ken
    $2000 20
(Lisa: Who is Van Allen?)

Gerard Kuiper

Lisa
Triple Stumper
    $2000 25
James I

Triple Stumper
    $2000 28
(Alex: [*] Kissinger, yes.)

Henry

Ken

Scores at the end of the Double Jeopardy! Round:

Ken Lisa Dan
$44,800 $1,400 $2,600
(lock game)

[wagering suggestions for these scores]

Final Jeopardy! Round responses

20th CENTURY VICE PRESIDENTS
LisaWho is Rockefeller?
$0
DanWho
$700
KenWho is Nelson Rockefeller?
$10,299
Nelson Aldrich Rockefeller

Final scores:

Ken Lisa Dan
$55,099 $1,400 $1,900
71-day champion: $2,410,100 3rd place: $1,000 2nd place: $2,000

Game dynamics:

Coryat scores:

Ken Lisa Dan
$36,200 $1,400 $2,600
43 R
(including 2 DDs),
2 W
(including 1 DD)
4 R,
1 W
7 R,
1 W

Combined Coryat: $40,200

The J! Archive is created by fans, for fans. The Jeopardy! game show and all elements thereof, including but not limited to copyright and trademark thereto, are the property of Jeopardy Productions, Inc. and are protected under law. This website is not affiliated with, sponsored by, or operated by Jeopardy Productions, Inc. Join the discussion at JBoard.tv.